000 01111nam a2200325 i 4500
003 EG-GICUC
005 20260121101355.0
008 251128s1997 ua ||||fr|||| 00| 0 ara d
017 _a1997/3546
020 _a977041980X
040 _a EG-GICUC
_bara
_c EG-GICUC
_d EG-GICUC
_erda
041 0 _aara
082 0 4 _221
_a343.425
_bط أ . د
092 0 4 _221
099 _aLaw1 10 343.425 ط أ . د 1 ed - 1997
100 0 _aطارق سرور
_eمؤلف.
245 1 0 _aدروس في جرائم النشر /
_cالدكتور طارق سرور.
250 _aالطبعة الأولى
264 1 _aالقاهرة :
_bدار النهضة العربية،
_c1997.
300 _a270 صفحة ؛
_c24 سم.
336 _2rda content
_atext
337 _2rda media
_aComputer
338 _2rda carrier
_aOnline Resource
546 _aالنص باللغة العربية
650 1 4 _aالتشريعات المتعلقة بالصحافة
650 1 4 _aالقانون الجنائي
856 4 0 _uhttps://fll.law.cu.edu.eg/fulltext/bks/B10-06835.pdf
905 _a77
_eHassnaa
942 _2ddc
_cBK
_e21
_n0
999 _c46682
_d46682